clickball ball knowledge - Statistics

General Stats
  • This quiz has been taken 7 times
  • The average score is 7 of 16
Answer Stats
Hint Answer % Correct
what is the sum of all natural numbers? -1/12
83%
during what year was the first moon landing? 1969
83%
what is it called when a supermassive star collapses? supernova
83%
A megaknight, ram rider, and a mirrored skeleton barrel cost how much elixir in Clash Royale? (ignore cost of unmirrored skele barrel) 16
67%
What was the name of the expidition for the first moon landing? Apollo 11
67%
what does a stork famously deliver? babies
67%
Hair types can be classified by numbers and letters, what designation is given to the most tightly curled type of hair? 4c
50%
Patagnonia is a famous clothing brand named after real mountains. What larger mountain range are these mountains a part of? Andes
50%
what is the name of the famous picture of a man standing in front of a parade of tanks in Tiananmen Square? (the name is formed by 2 words used in the clue) Tank Man
50%
how many molecules are in a mole? 6.02 x 10^23
33%
If you score a Yahtzee with the maximum number of the followign answer, how many are present? 30
17%
What state would you find Corpus Christi? Texas
17%
The answer of the previous question is a god of something, what are they the god of? music
0%
what is the resulting stellar mass called after the collapse occurs? neutron star
0%
what is the name for the indendations on dice and dominoes? pips
0%
what is the name of the instrument that is capable of producing basic waveforms that can then be adjusted or filtered to achieve the desired sound? synthesizer
0%
No matching quizzes found
Score Distribution
Percent of People with Each Score
Percentile by Number Answered
Your Score History
You have not taken this quiz